zpět

Detail výsledku týmu

Hvjezda, Teplice

Datum a čas kvízu

33.5 Celkem bodů Celkový počet nahraných bodů na tomto kvízu bez doplňovacích otázek.
4. Pořadí na kvízu Konečné umístění týmu na tomto kvízu.

Zaznamenané odpovědi

# Otázka Odpověď Body Výsledky
1. V úvodu prvního dílu pořádají... 144 hostů, 22. 9. 0.5
2. Kraj je vyhlášený dýmkovým koř... Dolanské listí (Longbottom Leaf) 1
3. Jakou barvu mají dveře Dna pyt... zelenou 1
4. Když Sam a Frodo narazí v prvn... mrkev a zelí, Rádovsko (Buckland) 0.5
5. Když se Sam vrátil do Kraje, u... Elanor 0
6. Vaším prvním úkolem tématu, kt... 1C 2A 3D 4B 1
7. Jak zní nejčastější jednoslovn... nazgûlové; Černokněžný král Angmaru (Witch-king of Angmar) 1
8. Další bod získáte za napsání j... BREGO 0
9. Nejstarší z entů, Stromovous,... burárum 0
10. Obávaná pavoučice Odula (Shelo... Cirith Ungol 1